=LDR 00000nam 2200000 4500 =001 INLIS000000000023778 =005 20130612122416 =008 ***********************************Ind** =035 ##$$0010-061300000023778 =041 ##$$a Ind =082 ##$$a 028.5 =090 ##$$a 028.5, Yan u =100 ##$$a Yani, Ahmad =245 ##$$a Usaid bin huhair, Yang cerdas dan dan baik budi, Ahmad Yani =260 ##$$a 1995 $b Jakarta =300 ##$$a 23 hlm, ilus, 21 cm =650 ##$$a Al'kisah usaid bin hudahir yang cerdas =850 ##$$a NBPNMAT